000
00310cam a2200121ua 4500
082
_a
630.3
_b
SUD/NE
100
_a
Sudell, Richard .
_9
1529
245
0
0
_a
New and Illustrated Gardening Encyclopaedia /
250
_a
1 /
260
_a
London :
_b
Odhams Press Limited ,
_c
1955.
300
_a
672 ; .
942
_c
REF
999
_c
8977
_d
8977